000
00206 a2200097 4500
001
6472
100
_a
Browne, J S C
245
_a
Basic theory of Structure
260
_a
_b
Peragmon
_c
090
_c
5330
_d
5330
942
_a
NUST-CAE
_c
M
_c
31746
999
_c
241545
_d
241545